Hà Nội thành phố đặc thù và những lựa chọn cho sự phát triển Regards croisés sur Hanoi transition, spécificité urbaine et choix de développment

Dự án đào tạo chuyên ngành đô thị, với sự hỗ trợ chuyên môn của Chương trình Nghiên cứu Đô thị vì sự Phát triển (Institut des Métiers de la Ville, sous la direction scientifique du Programme de Recherche Urbaine pour le Développement)....

Fuld beskrivelse

Đã lưu trong:
Bibliografiske detaljer
Hovedforfatter: Pandolfi, Laurent
Andre forfattere: Ha, Van Que
Format: Bog
Sprog:Undetermined
Udgivet: H. 2002
Fag:
Online adgang:http://lrc.tdmu.edu.vn/opac/search/detail.asp?aID=2&ID=15565
Tags: Tilføj Tag
Ingen Tags, Vær først til at tagge denne postø!
Thư viện lưu trữ: Trung tâm Học liệu Trường Đại học Thủ Dầu Một
LEADER 01233nam a2200205Ia 4500
001 TDMU_15565
008 210410s9999 xx 000 0 und d
082 |a 307.760959731 
100 |a Pandolfi, Laurent 
245 0 |a Hà Nội thành phố đặc thù và những lựa chọn cho sự phát triển 
245 0 |b Regards croisés sur Hanoi transition, spécificité urbaine et choix de développment 
245 0 |c Laurent Pandolfi, Ha Van Que (Réalisation); Truong Quoc Toan, Mac Thu Huong, Pham Lan Dung (Traduction) 
260 |a H. 
260 |c 2002 
300 |a 288 tr. 
520 |a Dự án đào tạo chuyên ngành đô thị, với sự hỗ trợ chuyên môn của Chương trình Nghiên cứu Đô thị vì sự Phát triển (Institut des Métiers de la Ville, sous la direction scientifique du Programme de Recherche Urbaine pour le Développement). 
650 |a Kỷ yếu hội thảo (Actes du séminaire); Urbaine  |z Vietnam  |z Hanoi; Đô thị  |z Việt Nam  |z Hà Nội 
700 |a Ha, Van Que 
856 |u http://lrc.tdmu.edu.vn/opac/search/detail.asp?aID=2&ID=15565 
980 |a Trung tâm Học liệu Trường Đại học Thủ Dầu Một